Les Religions du Mexique de l'Amérique Centrale et du Pérou / (Record no. 163394)

MARC details
000 -LEADER
campo de control de longitud fija 00633nam a22001935i 4500
001 - NÚMERO DE CONTROL
campo de control 163394
003 - IDENTIFICADOR DE NÚMERO DE CONTROL
campo de control ES-MaACL
005 - FECHA Y HORA DE LA ÚLTIMA TRANSACCIÓN
campo de control 20250728114954.0
008 - DATOS DE LONGITUD FIJA--INFORMACIÓN GENERAL
campo de control de longitud fija 981002s1885 fr |||| | fre d
040 ## - FUENTE DE CATALOGACIÓN
Centro catalogador/agencia de origen AR
Lengua de catalogación spa
Centro/agencia transcriptor CCPB | 3D
100 1# - ENTRADA PRINCIPAL--NOMBRE DE PERSONA
Nombre de persona Reville, Albert.
9 (RLIN) 96442
245 14 - MENCIÓN DEL TÍTULO
Título Les Religions du Mexique de l'Amérique Centrale et du Pérou /
Mención de responsabilidad, etc. par A. Reville.
260 ## - PUBLICACIÓN, DISTRIBUCIÓN, ETC.
Lugar de publicación, distribución, etc. Paris :
Nombre del editor, distribuidor, etc. Librairie Fischloauer,
Fecha de publicación, distribución, etc. 1885.
300 ## - DESCRIPCIÓN FÍSICA
Extensión XII, 413 p. ;
Dimensiones 23 cm.
490 1# - MENCIÓN DE SERIE
Mención de serie Historie des Religions ;
Designación de volumen o secuencia 2
830 00 - PUNTO DE ACCESO ADICIONAL DE SERIE-TÍTULO UNIFORME
Título uniforme Histoire des religions
Designación de volumen o secuencia 2
9 (RLIN) 222271
852 ## - LOCALIZACIÓN
Ubicación ES-MaACL
Número de control de estantería G-400
Nota libre -- Rúst.
Holdings
Estatus retirado Estado de pérdida Estado de daño No para préstamo Colección Biblioteca de origen Biblioteca actual Ubicación en estantería Fecha de adquisición Fuente de adquisición Total de préstamos Signatura topográfica completa Código de barras Visto por última vez Precio de reemplazo Tipo de ítem Koha
        Libros del s. XIX Biblioteca del Ateneo de Madrid Biblioteca del Ateneo de Madrid Depósito 2 17/01/2008     G-400 1171222 23/02/2023 23/02/2023 Libro impreso antiguo